• 首页
  • 本馆介绍
  • 公告通知
  • 最新文献
  • 馆藏检索
  • 电子资源
  • 读者导购
  • 参考咨询
  • 我的图书馆
  • 登录
  • 详细信息显示
  • 放入我的书架
  • 预约/预借图书
  • 作者相关作品
  • 分类相关作品
  • 丛书相关作品
  • 出版社相关作品

书目信息

  • 表格格式
  • 工作单格式
  • 卡片格式
题名:
三萜化学
    
 
作者: 庾石山 主编
分册:  
出版信息: 北京   化学工业出版社  2008
页数: 241页
开本: 26cm
丛书名: 天然产物化学丛书
单 册:
中图分类: O629.6
科图分类:
主题词: 三萜--研究 , 三萜
电子资源:
ISBN: 978-7-122-03331-4
000 00896oam2 2200265 45
001 1033014843
005 20100409104405.32
010    @a978-7-122-03331-4@dCNY48.00
100    @a20100331d2008 em y0chiy50 ea
101 0  @achi
102    @aCN@b110000
105    @ay z 001yy
106    @ar
200 1  @a三萜化学@ASan Tie Hua Xue@f庾石山主编@FYu Shi Shan Zhu Bian
210    @a北京@c化学工业出版社@d2008
215    @a241页@d26cm
225 2  @a天然产物化学丛书
330    @a本书阐述了三萜化合物的基础与主要研究内容及发展动态,展示了该类化合物结构和活性的多样性与特征性。内容包括三萜化合物的生物合成途径、结构类型、理化性质、提取分离、结构表征、生物活性以及全合成等。
461  0 @12001 @a天然产物化学丛书
606 0  @a三萜@x研究
606 0  @a三萜
690    @aO629.6@v4
701  0 @a庾石山@AYu Shi Shan@4主编
801  0 @aCN@bTANGWEI@c20100409
905    @b0587515-19@dO629.6@e13@f5
    
    三萜化学/庾石山主编.-北京:化学工业出版社,2008
    241页;26cm.-(天然产物化学丛书)
    
    
    ISBN 978-7-122-03331-4:CNY48.00
    本书阐述了三萜化合物的基础与主要研究内容及发展动态,展示了该类化合物结构和活性的多样性与特征性。内容包括三萜化合物的生物合成途径、结构类型、理化性质、提取分离、结构表征、生物活性以及全合成等。
●
相关链接 在E读中查询图书 在五车中查询图书 在当当中查询图书 在豆瓣中查询图书


正题名:三萜化学     索取号:O629.6/13         预约/预借

序号 登录号 条形码 馆藏地/架位号 状态 备注
1 0587515   205875150   第二样本阅览室/ [索取号:O629.6/13] 在馆    
2 0587516   205875169   第三借阅区/ [索取号:O629.6/13] 在馆    
3 0587517   205875178   第三借阅区/ [索取号:O629.6/13] 在馆    
4 0587518   205875187   第三借阅区/ [索取号:O629.6/13] 在馆    
5 0587519   205875196   第三借阅区/ [索取号:O629.6/13] 在馆    
唐山师范学院图书馆 欢迎您!
大连网信软件有限公司© 版权所有